| 000 | 00000nam 2200000zi 4500 |
| 001 | 9.932198 |
| 003 | CaOODSP |
| 005 | 20240201150551 |
| 006 | m o d f |
| 007 | cr |n||||||||| |
| 008 | 240108e202401##onc ob f100 0 eng d |
| 020 | |a9780660695235 |
| 040 | |aCaOODSP|beng|erda|cCaOODSP |
| 043 | |an-cn-on |
| 086 | 1 |aFs70-4/2024-004E-PDF |
| 245 | 00|aProceedings of the regional advisory meeting of the updated recovery potential assessment of lake chubsucker (Erimyzon sucetta), 2011-2020 : |bmeeting dates: November 16–18, 2021; location: virtual meeting / |cchairperson: Tom Pratt; editors: Brajgeet Bhathal, Josh King, and Julia Colm. |
| 264 | 1|aOttawa ON : |bCanadian Science Advisory Secretariat (CSAS), |cJanuary 2024. |
| 264 | 4|c©2024 |
| 300 | |a1 online resource (iv, 15 pages). |
| 336 | |atext|btxt|2rdacontent |
| 337 | |acomputer|bc|2rdamedia |
| 338 | |aonline resource|bcr|2rdacarrier |
| 490 | 1 |aProceedings series, |x1701-1280 ; |v2024/004 |
| 500 | |aIssued also in French under title: Compte rendu de la réunion sus les avis scientifiques régionale sur la mise à jour de l’évaluation actualisée du potentiel de rétablissement du sucet de lac (Erimyzon sucetta) de 2011 à 2020. |
| 504 | |aIncludes bibliographical references. |
| 650 | 0|aLake chubsucker|xConservation|zOntario|vCongresses. |
| 655 | 7|aConference papers and proceedings|2lcgft |
| 700 | 1 |aPratt, T. C.|q(Thomas Christopher),|d1972- |
| 710 | 2 |aCanadian Science Advisory Secretariat, |eissuing body. |
| 710 | 1 |aCanada. |bDepartment of Fisheries and Oceans. |bOntario and Prairie Region, |eissuing body. |
| 775 | 08|tCompte rendu de la réunion sus les avis scientifiques régionale sur la mise à jourde l’évaluation actualisée du potentiel de rétablissement du sucet de lac(Erimyzon sucetta) de 2011 à 2020 : |w(CaOODSP)9.932200 |
| 830 | #0|aProceedings series (Canadian Science Advisory Secretariat)|v2024/004.|w(CaOODSP)9.506483 |
| 856 | 40|qPDF|s412 KB|uhttps://publications.gc.ca/collections/collection_2024/mpo-dfo/fs70-4/Fs70-4-2024-004-eng.pdf |